[Event "Ceske Budejovice Open-A 2019"]
[Site "Ceske Budejovice"]
[Date "2019.07.04"]
[Round "6.20"]
[White "Szotkowski, David"]
[Black "Chval, Zdenek"]
[Result "1/2-1/2"]
[WhiteElo "1869"]
[BlackElo "2145"]
[Annotator "NA"]
[PlyCount "59"]
[EventDate "2019.07.02"]
[EventCountry "CZE"]
[SourceTitle "playchess.com"]
[Source "ChessBase"]
[SourceQuality "1"]
[TimeControl "5400+30"]

1. d4 {[%emt 0:00:00]} Nf6 {[%emt 0:00:00]} 2. c4 {[%emt 0:00:00]} g6 {[%emt 0:00:00]} 3. g3 {[%emt 0:00:19]} Bg7 {[%emt 0:00:00]} 4. Bg2 {[%emt 0:00:08]} d6 {[%emt 0:00:00]} 5. Nf3 {[%emt 0:00:28]} O-O {[%emt 0:00:00]} 6. O-O {[%emt 0:00:12]} c5 {[%emt 0:00:00]} 7. Nc3 {[%emt 0:03:05]} Nc6 {[%emt 0:00:31]} 8. d5 {[%emt 0:08:44]} Na5 {[%emt 0:00:06]} 9. Qd3 {[%emt 0:00:39]} a6 {[%emt 0:12:47]} 10. e4 {[%emt 0:04:11]} e6 {[%emt 0:09:05]} 11. Bd2 {[%emt 0:06:03]} exd5 {[%emt 0:11:19]} 12. cxd5 {[%emt 0:05:02]} b5 {[%emt 0:06:53]} 13. Rad1 {[%emt 0:06:41]} Re8 {[%emt 0:11:11]} 14. Nh4 {[%emt 0:07:11]} b4 {[%emt 0:09:45]} 15. Ne2 {[%emt 0:02:06]} Bd7 {[%emt 0:13:37]} 16. Rfe1 {[%emt 0:05:56]} Bb5 {[%emt 0:00:46]} 17. Qb1 {[%emt 0:00:31]} Nxd5 {[%emt 0:02:36]} 18. Nc1 {[%emt 0:09:36]} Nb6 {[%emt 0:05:59]} 19. b3 {[%emt 0:15:49]} Nc6 {[%emt 0:04:55]} 20. Nd3 {[%emt 0:04:57]} a5 {[%emt 0:07:10]} 21. Be3 {[%emt 0:01:09]} Qc7 {[%emt 0:02:04]} 22. Bf4 {[%emt 0:02:00]} Ne5 {[%emt 0:01:18]} 23. Nxe5 {[%emt 0:02:46]} Bxe5 {[%emt 0:00:21]} 24. Be3 {[%emt 0:00:22]} Bc3 {[%emt 0:00:24]} 25. Bd2 {[%emt 0:00:28]} Bd4 {[%emt 0:00:57]} 26. Nf3 {[%emt 0:01:35]} Bg7 {[%emt 0:00:23]} 27. Ng5 {[%emt 0:01:49]} Rad8 {[%emt 0:00:49]} 28. f4 {[%emt 0:00:39]} c4 {[%emt 0:00:27]} 29. Bf1 {[%emt 0:02:24]} c3 {[%emt 0:00:30]} 30. Qc2 {[%emt 0:02:00]} 1/2-1/2

[Event "Ceske Budejovice Open-A 2019"]
[Site "Ceske Budejovice"]
[Date "2019.07.04"]
[Round "6.21"]
[White "Pavlicek, Adam"]
[Black "Asatryan, Manvel"]
[Result "1/2-1/2"]
[WhiteElo "1651"]
[BlackElo "1799"]
[Annotator "NA"]
[PlyCount "80"]
[EventDate "2019.07.02"]
[EventCountry "CZE"]
[SourceTitle "playchess.com"]
[Source "ChessBase"]
[SourceQuality "1"]
[TimeControl "5400+30"]

1. d4 {[%emt 0:00:00]} f5 {[%emt 0:00:00]} 2. Bf4 {[%emt 0:01:43]} Nf6 {[%emt 0:00:00]} 3. Nc3 {[%emt 0:02:28]} g6 {[%emt 0:00:24]} 4. e3 {[%emt 0:01:48]} Bg7 {[%emt 0:03:42]} 5. Be2 {[%emt 0:01:31]} O-O {[%emt 0:00:28]} 6. h4 {[%emt 0:00:53]} h6 {[%emt 0:04:22]} 7. Qd3 {[%emt 0:09:51]} c6 {[%emt 0:03:33]} 8. g4 {[%emt 0:03:54]} fxg4 {[%emt 0:10:14]} 9. Qxg6 {[%emt 0:02:01]} Qe8 {[%emt 0:00:17]} 10. Bd3 {[%emt 0:13:55]} Qxg6 {[%emt 0:01:56]} 11. Bxg6 {[%emt 0:00:03]} d6 {[%emt 0:01:55]} 12. Nge2 {[%emt 0:00:52]} Be6 {[%emt 0:03:29]} 13. O-O-O {[%emt 0:02:47]} Bf7 {[%emt 0:15:29]} 14. h5 {[%emt 0:01:51]} Nbd7 {[%emt 0:05:16]} 15. e4 {[%emt 0:22:56]} e5 {[%emt 0:05:44]} 16. Be3 {[%emt 0:01:29]} Rad8 {[%emt 0:24:23]} 17. Ng3 {[%emt 0:03:37]} exd4 {[%emt 0:05:45]} 18. Bxd4 {[%emt 0:07:40]} Bxg6 {[%emt 0:08:32]} 19. hxg6 {[%emt 0:00:28]} Ne5 {[%emt 0:00:16]} 20. Nf5 {[%emt 0:02:32]} Nxg6 {[%emt 0:01:35]} 21. Nxh6+ {[%emt 0:00:53]} Bxh6+ {[%emt 0:00:04]} 22. Rxh6 {[%emt 0:00:19]} Kg7 {[%emt 0:00:09]} 23. Rdh1 {[%emt 0:02:44]} Ne5 {[%emt 0:02:18]} 24. b3 {[%emt 0:07:11]} b6 {[%emt 0:00:31]} 25. Be3 {[%emt 0:01:04]} Rh8 {[%emt 0:00:28]} 26. Bg5 {[%emt 0:02:42]} Rxh6 {[%emt 0:00:04]} 27. Rxh6 {[%emt 0:00:16]} Ned7 {[%emt 0:00:13]} 28. Kd2 {[%emt 0:02:25]} Rh8 {[%emt 0:00:26]} 29. Rxh8 {[%emt 0:01:05]} Kxh8 {[%emt 0:00:02]} 30. Ke3 {[%emt 0:00:21]} Kg7 {[%emt 0:00:40]} 31. Kf4 {[%emt 0:00:17]} Kg6 {[%emt 0:00:21]} 32. Bxf6 {[%emt 0:01:51]} Nxf6 33. Nd1 {[%emt 0:00:31]} b5 {[%emt 0:02:07]} 34. Ne3 {[%emt 0:00:34]} a6 {[%emt 0:00:10]} 35. Nxg4 {[%emt 0:00:27]} Nh5+ {[%emt 0:00:07]} 36. Kf3 {[%emt 0:00:23]} Kg5 {[%emt 0:00:50]} 37. e5 {[%emt 0:01:13]} d5 {[%emt 0:00:32]} 38. b4 {[%emt 0:00:29]} Kf5 {[%emt 0:00:21]} 39. c3 {[%emt 0:01:34]} Nf4 40. Ne3+ Kxe5 {Ke4+} 1/2-1/2

[Event "Ceske Budejovice Open-A 2019"]
[Site "Ceske Budejovice"]
[Date "2019.07.04"]
[Round "6.22"]
[White "Brhlik, Antonin"]
[Black "Stodola, Zdenek"]
[Result "1-0"]
[WhiteElo "1639"]
[BlackElo "1551"]
[Annotator "NA"]
[PlyCount "67"]
[EventDate "2019.07.02"]
[EventCountry "CZE"]
[SourceTitle "playchess.com"]
[Source "ChessBase"]
[SourceQuality "1"]
[TimeControl "5400+30"]

1. e4 {[%emt 0:00:00]} Nf6 {[%emt 0:00:00]} 2. e5 {[%emt 0:00:00]} Nd5 {[%emt 0:00:00]} 3. d4 {[%emt 0:00:05]} d6 {[%emt 0:00:00]} 4. Nf3 {[%emt 0:00:12]} Bg4 {[%emt 0:00:22]} 5. Be2 {[%emt 0:00:05]} e6 {[%emt 0:00:19]} 6. c4 {[%emt 0:00:41]} Nb6 {[%emt 0:00:03]} 7. Nc3 {[%emt 0:00:45]} Nc6 {[%emt 0:00:37]} 8. Be3 {[%emt 0:02:37]} Be7 {[%emt 0:00:47]} 9. O-O {[%emt 0:01:41]} O-O {[%emt 0:00:23]} 10. exd6 {[%emt 0:09:38]} cxd6 {[%emt 0:00:11]} 11. b3 {[%emt 0:04:24]} Qd7 {[%emt 0:02:18]} 12. Qd2 {[%emt 0:07:24]} Bf6 {[%emt 0:02:05]} 13. Rfd1 {[%emt 0:01:19]} Rad8 {[%emt 0:01:32]} 14. Rac1 {[%emt 0:07:32]} Rfe8 {[%emt 0:02:07]} 15. Ne4 {[%emt 0:13:39]} Be7 {[%emt 0:05:59]} 16. d5 {[%emt 0:02:52]} exd5 {[%emt 0:00:55]} 17. cxd5 {[%emt 0:01:24]} Nb8 {[%emt 0:01:40]} 18. Qa5 {[%emt 0:12:49]} Bxf3 {[%emt 0:07:57]} 19. Bxf3 {[%emt 0:00:36]} f5 {[%emt 0:02:59]} 20. Nc3 {[%emt 0:07:55]} Na6 {[%emt 0:02:40]} 21. Nb5 {[%emt 0:02:42]} Nc8 {[%emt 0:14:16]} 22. Nc7 {[%emt 0:02:06]} Nxc7 {[%emt 0:09:02]} 23. Rxc7 {[%emt 0:00:32]} b6 {[%emt 0:00:03]} 24. Qc3 {[%emt 0:01:29]} Bf6 {[%emt 0:01:46]} 25. Qc2 {[%emt 0:01:48]} Qb5 {[%emt 0:01:39]} 26. a3 {[%emt 0:02:32]} Rf8 {[%emt 0:03:54]} 27. Bd4 {[%emt 0:06:32]} Qe8 {[%emt 0:02:13]} 28. Bxf6 {[%emt 0:02:36]} Rxf6 {[%emt 0:00:05]} 29. Qc1 {[%emt 0:00:52]} Rf8 {[%emt 0:04:46]} 30. Re1 {[%emt 0:00:57]} Qb5 {[%emt 0:03:54]} 31. Qc3 {[%emt 0:00:56]} Rd7 {[%emt 0:13:55]} 32. Rxc8 {[%emt 0:00:24]} Rdf7 {[%emt 0:01:53]} 33. Rxf8+ {[%emt 0:00:37]} Kxf8 {[%emt 0:00:29]} 34. Qc8+ {[%emt 0:00:34]} 1-0

[Event "Ceske Budejovice Open-A 2019"]
[Site "Ceske Budejovice"]
[Date "2019.07.04"]
[Round "6.23"]
[White "Solovyova, Anastasia"]
[Black "Chval, Petr"]
[Result "1-0"]
[WhiteElo "1835"]
[BlackElo "1885"]
[Annotator "NA"]
[PlyCount "55"]
[EventDate "2019.07.02"]
[EventCountry "CZE"]
[SourceTitle "playchess.com"]
[Source "ChessBase"]
[SourceQuality "1"]
[TimeControl "5400+30"]

1. d4 Nf6 {[%emt 0:00:06]} 2. c4 {[%emt 0:00:00]} g6 3. Nc3 {[%emt 0:00:00]} Bg7 {[%emt 0:00:23]} 4. e4 {[%emt 0:00:10]} d6 {[%emt 0:00:05]} 5. Be2 {[%emt 0:00:28]} O-O {[%emt 0:00:12]} 6. Bg5 c6 {[%emt 0:06:22]} 7. Qd2 {[%emt 0:09:54]} e5 {[%emt 0:12:37]} 8. d5 {[%emt 0:31:19]} c5 {[%emt 0:15:03]} 9. f3 {[%emt 0:06:29]} Qb6 {[%emt 0:04:17]} 10. g4 h6 11. Bh4 {[%emt 0:12:37]} Nh7 {[%emt 0:03:16]} 12. Bd3 a5 13. Nb5 {[%emt 0:08:24]} Bd7 {[%emt 0:07:37]} 14. a4 {[%emt 0:00:32]} Bxb5 {[%emt 0:00:47]} 15. axb5 {[%emt 0:00:06]} Qc7 {[%emt 0:00:39]} 16. Ne2 {[%emt 0:04:24]} Nd7 {[%emt 0:01:51]} 17. Bf2 Ng5 {[%emt 0:02:45]} 18. Ng1 {[%emt 0:03:00]} f5 {[%emt 0:00:19]} 19. gxf5 {[%emt 0:03:07]} gxf5 {[%emt 0:03:36]} 20. h4 {[%emt 0:01:09]} Nf7 {[%emt 0:01:06]} 21. exf5 {[%emt 0:01:36]} h5 {[%emt 0:12:40]} 22. Nh3 {[%emt 0:02:45]} Qd8 {[%emt 0:05:16]} 23. Ng5 Qf6 24. Ne6 {[%emt 0:03:16]} Bh6 {[%emt 0:00:56]} 25. Be3 {[%emt 0:02:05]} Rfc8 {[%emt 0:10:25]} 26. Bg5 Bxg5 {[%emt 0:05:52]} 27. hxg5 {[%emt 0:00:51]} Qh8 {[%emt 0:00:05]} 28. g6 {[%emt 0:01:01]} 1-0

[Event "Ceske Budejovice Open-A 2019"]
[Site "Ceske Budejovice"]
[Date "2019.07.04"]
[Round "6.24"]
[White "Petkov, Andon"]
[Black "Hlavsa, Filip"]
[Result "1/2-1/2"]
[WhiteElo "1761"]
[BlackElo "1843"]
[Annotator "NA"]
[PlyCount "168"]
[EventDate "2019.07.02"]
[EventCountry "CZE"]
[SourceTitle "playchess.com"]
[Source "ChessBase"]
[SourceQuality "1"]
[TimeControl "5400+30"]

1. Nc3 {[%emt 0:00:00]} Nf6 {[%emt 0:02:06]} 2. e4 {[%emt 0:00:00]} d6 {[%emt 0:00:28]} 3. d4 {[%emt 0:00:49]} g6 {[%emt 0:03:00]} 4. Bg5 {[%emt 0:00:18]} Nbd7 {[%emt 0:01:31]} 5. Nf3 {[%emt 0:04:46]} c6 {[%emt 0:10:32]} 6. Be2 {[%emt 0:05:15]} Bg7 {[%emt 0:03:33]} 7. Qd2 {[%emt 0:00:51]} h6 {[%emt 0:00:58]} 8. Bf4 {[%emt 0:01:14]} c5 {[%emt 0:07:49]} 9. e5 {[%emt 0:21:27]} cxd4 {[%emt 0:05:05]} 10. Nb5 {[%emt 0:00:08]} dxe5 {[%emt 0:07:16]} 11. Nxe5 {[%emt 0:00:27]} g5 {[%emt 0:13:45]} 12. Nxd7 {[%emt 0:10:01]} gxf4 {[%emt 0:03:22]} 13. Nxf6+ {[%emt 0:05:46]} Bxf6 {[%emt 0:00:06]} 14. Qxf4 {[%emt 0:00:43]} e5 {[%emt 0:00:55]} 15. Qe4 {[%emt 0:03:54]} Qb6 {[%emt 0:06:11]} 16. O-O-O {[%emt 0:03:39]} Kf8 {[%emt 0:01:45]} 17. f4 {[%emt 0:05:14]} Bd7 {[%emt 0:02:49]} 18. Na3 {[%emt 0:09:02]} Qc6 {[%emt 0:01:20]} 19. Qxc6 {[%emt 0:01:51]} Bxc6 {[%emt 0:00:26]} 20. fxe5 {[%emt 0:00:50]} Bg5+ {[%emt 0:04:44]} 21. Kb1 {[%emt 0:00:22]} Bxg2 {[%emt 0:00:08]} 22. Rhg1 {[%emt 0:01:10]} Bc6 {[%emt 0:02:12]} 23. Rgf1 {[%emt 0:01:03]} Rd8 {[%emt 0:02:42]} 24. Bh5 {[%emt 0:00:57]} Rh7 {[%emt 0:00:42]} 25. Rde1 {[%emt 0:05:33]} b5 {[%emt 0:03:58]} 26. e6 {[%emt 0:02:08]} f6 {[%emt 0:00:24]} 27. Bf7 {[%emt 0:00:30]} Ke7 {[%emt 0:01:00]} 28. Rf5 {[%emt 0:01:19]} a6 {[%emt 0:01:38]} 29. Rc5 {[%emt 0:01:14]} Rd6 {[%emt 0:02:36]} 30. Ka1 {[%emt 0:01:42]} h5 {[%emt 0:06:34]} 31. Rd1 {[%emt 0:01:26]} h4 {[%emt 0:01:32]} 32. c4 {[%emt 0:00:34]} dxc3 {[%emt 0:02:09]} 33. Rxd6 {[%emt 0:00:29]} Kxd6 {[%emt 0:00:04]} 34. Rxc6+ {[%emt 0:02:02]} Kxc6 {[%emt 0:00:38]} 35. e7 {[%emt 0:00:22]} Rh8 {[%emt 0:01:20]} 36. e8=Q+ Rxe8 {[%emt 0:00:10]} 37. Bxe8+ {[%emt 0:00:32]} Kd5 {[%emt 0:00:32]} 38. bxc3 {[%emt 0:00:28]} Ke4 {[%emt 0:00:54]} 39. Kb2 {[%emt 0:02:29]} f5 {[%emt 0:00:59]} 40. Bg6 {[%emt 0:00:21]} h3 {[%emt 0:00:24]} 41. Nc2 {[%emt 0:05:07]} Bf6 {[%emt 0:00:00]} 42. Nd4 {[%emt 0:00:00]} b4 {[%emt 0:00:00]} 43. Bxf5+ {[%emt 0:00:00]} Ke3 {[%emt 0:00:00]} 44. Nc2+ {[%emt 0:00:00]} Kd2 {[%emt 0:00:00]} 45. Nxb4 {[%emt 0:00:00]} Bxc3+ {[%emt 0:00:00]} 46. Kb3 {[%emt 0:00:00]} Be5 {[%emt 0:00:00]} 47. Nxa6 {[%emt 0:00:00]} Bxh2 {[%emt 0:00:00]} 48. Bxh3 {[%emt 0:00:00]} Kd3 {[%emt 0:00:00]} 49. Kb4 {[%emt 0:00:00]} Kd4 {[%emt 0:00:00]} 50. Kb5 {[%emt 0:00:00]} Kd5 {[%emt 0:00:00]} 51. Kb6 {[%emt 0:00:00]} Bg3 {[%emt 0:02:31]} 52. a4 {[%emt 0:00:00]} Kc4 {[%emt 0:02:28]} 53. Bd7 {[%emt 0:00:00]} Bf2+ {[%emt 0:00:36]} 54. Kb7 {[%emt 0:00:00]} Be1 {[%emt 0:00:22]} 55. Bb5+ {[%emt 0:00:00]} Kb3 {[%emt 0:00:23]} 56. Kb6 {[%emt 0:00:00]} Bf2+ {[%emt 0:01:13]} 57. Kc6 {[%emt 0:00:00]} Be1 {[%emt 0:00:11]} 58. Kd5 {[%emt 0:00:00]} Ba5 {[%emt 0:01:21]} 59. Bd7 {[%emt 0:00:00]} Be1 {[%emt 0:00:32]} 60. Kc5 {[%emt 0:00:00]} Ba5 {[%emt 0:00:20]} 61. Kb5 {[%emt 0:00:00]} Be1 {[%emt 0:00:24]} 62. Be6+ {[%emt 0:00:00]} Ka3 {[%emt 0:00:26]} 63. Nc5 {[%emt 0:00:00]} Bb4 {[%emt 0:01:01]} 64. Bd7 {[%emt 0:00:00]} Be1 {[%emt 0:00:36]} 65. Ne4 {[%emt 0:00:14]} Bb4 {[%emt 0:00:32]} 66. Kc4 {[%emt 0:01:12]} Ba5 {[%emt 0:00:27]} 67. Nd6 {[%emt 0:00:03]} Be1 {[%emt 0:00:33]} 68. Nb5+ {[%emt 0:00:07]} Kb2 {[%emt 0:00:08]} 69. Nd4 {[%emt 0:02:12]} Bd2 {[%emt 0:01:10]} 70. Nb3 {[%emt 0:02:39]} Be1 {[%emt 0:00:14]} 71. a5 {[%emt 0:00:20]} Bxa5 {[%emt 0:00:14]} 72. Nxa5 {[%emt 0:00:07]} Kc2 {[%emt 0:00:54]} 73. Bb5 {[%emt 0:00:27]} Kb2 {[%emt 0:00:24]} 74. Ba4 {[%emt 0:01:22]} Ka3 {[%emt 0:00:19]} 75. Kb5 {[%emt 0:00:10]} Kb2 {[%emt 0:00:18]} 76. Kb4 {[%emt 0:00:18]} Ka2 {[%emt 0:00:18]} 77. Bb3+ {[%emt 0:00:30]} Kb2 {[%emt 0:00:14]} 78. Nc4+ {[%emt 0:00:48]} Kc1 {[%emt 0:00:17]} 79. Kc3 {[%emt 0:00:53]} Kb1 {[%emt 0:00:12]} 80. Na3+ {[%emt 0:01:02]} Ka1 {[%emt 0:00:19]} 81. Nc2+ Kb1 82. Bc4 Kc1 83. Ba2 Kd1 84. Nd4 Kc1 1/2-1/2

[Event "Ceske Budejovice Open-A 2019"]
[Site "Ceske Budejovice"]
[Date "2019.07.04"]
[Round "6.25"]
[White "Gumerov, Ruslan"]
[Black "Kovar, Petr"]
[Result "1/2-1/2"]
[WhiteElo "1843"]
[BlackElo "1937"]
[Annotator "NA"]
[PlyCount "88"]
[EventDate "2019.07.02"]
[EventCountry "CZE"]
[SourceTitle "playchess.com"]
[Source "ChessBase"]
[SourceQuality "1"]
[TimeControl "5400+30"]

1. e4 {[%emt 0:00:00]} d6 {[%emt 0:00:00]} 2. d4 {[%emt 0:00:00]} Nf6 {[%emt 0:00:00]} 3. Bd3 {[%emt 0:00:17]} Nbd7 {[%emt 0:00:29]} 4. Nf3 {[%emt 0:00:29]} e5 {[%emt 0:00:12]} 5. c3 {[%emt 0:00:59]} c6 {[%emt 0:02:17]} 6. O-O {[%emt 0:00:33]} h6 {[%emt 0:00:28]} 7. h3 {[%emt 0:08:34]} Be7 {[%emt 0:03:13]} 8. Be3 {[%emt 0:00:24]} Qc7 {[%emt 0:00:29]} 9. Nbd2 {[%emt 0:00:36]} g5 {[%emt 0:03:18]} 10. Ne1 {[%emt 0:04:29]} Nf8 {[%emt 0:01:35]} 11. b4 {[%emt 0:01:51]} Ng6 {[%emt 0:00:14]} 12. Be2 {[%emt 0:04:23]} Nf4 {[%emt 0:00:36]} 13. Nd3 {[%emt 0:03:14]} Rg8 {[%emt 0:07:24]} 14. Rc1 {[%emt 0:09:52]} Nh7 {[%emt 0:04:57]} 15. Nc4 {[%emt 0:04:38]} f6 {[%emt 0:01:25]} 16. Bh5+ {[%emt 0:02:48]} Kf8 {[%emt 0:00:18]} 17. a4 {[%emt 0:14:46]} Be6 {[%emt 0:03:09]} 18. Na3 Rd8 {[%emt 0:05:53]} 19. c4 {[%emt 0:03:20]} f5 {[%emt 0:00:21]} 20. Bxf4 {[%emt 0:09:52]} gxf4 {[%emt 0:01:47]} 21. Qe2 {[%emt 0:02:11]} fxe4 {[%emt 0:12:03]} 22. Qxe4 {[%emt 0:00:52]} Ng5 {[%emt 0:04:28]} 23. Qe2 {[%emt 0:00:53]} Bf6 {[%emt 0:02:56]} 24. Kh2 {[%emt 0:04:31]} f3 {[%emt 0:07:41]} 25. Bxf3 {[%emt 0:01:27]} e4 26. Nf4 d5 {[%emt 0:05:48]} 27. g3 {[%emt 0:01:04]} Bxh3 {[%emt 0:07:02]} 28. Bg2 {[%emt 0:06:09]} Bxg2 {[%emt 0:05:26]} 29. Kxg2 {[%emt 0:00:55]} Qf7 {[%emt 0:01:28]} 30. cxd5 {[%emt 0:05:59]} cxd5 {[%emt 0:00:26]} 31. Qe3 {[%emt 0:04:23]} a6 {[%emt 0:02:37]} 32. Rfd1 {[%emt 0:00:19]} Kg7 {[%emt 0:01:25]} 33. b5 {[%emt 0:00:37]} Nf3 {[%emt 0:05:41]} 34. bxa6 {[%emt 0:00:55]} bxa6 {[%emt 0:00:31]} 35. Rc6 {[%emt 0:00:16]} Bg5 {[%emt 0:01:00]} 36. Ne6+ {[%emt 0:01:36]} Qxe6 {[%emt 0:06:13]} 37. Rxe6 {[%emt 0:00:05]} Bxe3 {[%emt 0:00:02]} 38. fxe3 {[%emt 0:00:02]} Rb8 {[%emt 0:00:42]} 39. Rc1 {[%emt 0:01:11]} Rb2+ {[%emt 0:00:25]} 40. Kf1 {[%emt 0:00:58]} Rf8 {[%emt 0:00:46]} 41. Rc7+ {[%emt 0:00:17]} Rf7 {[%emt 0:00:19]} 42. Rxf7+ {[%emt 0:00:50]} Kxf7 {[%emt 0:00:01]} 43. Rxa6 {[%emt 0:01:12]} Rd2 {[%emt 0:01:37]} 44. Rxh6 {[%emt 0:00:00]} Rd1+ {Ke1} 1/2-1/2

[Event "Ceske Budejovice Open-A 2019"]
[Site "Ceske Budejovice"]
[Date "2019.07.05"]
[Round "7.2"]
[White "Nagy, Gabor"]
[Black "Velicka, Petr"]
[Result "1/2-1/2"]
[WhiteElo "2474"]
[BlackElo "2428"]
[Annotator "ChessBase"]
[PlyCount "63"]
[EventDate "2019.07.02"]
[EventCountry "CZE"]
[SourceTitle "playchess.com"]
[Source "ChessBase"]
[SourceQuality "1"]
[TimeControl "5400+30"]

1. Nf3 {[%emt 0:00:23]} d5 {[%emt 0:00:00]} 2. g3 {[%emt 0:00:32]} Nf6 {[%emt 0:00:04]} 3. Bg2 {[%emt 0:00:16]} Bg4 {[%emt 0:00:25]} 4. c4 {[%emt 0:00:15]} c6 {[%emt 0:00:06]} 5. Ne5 {[%emt 0:00:23]} Be6 {[%emt 0:00:07]} 6. cxd5 {[%emt 0:00:09]} Bxd5 {[%emt 0:00:07]} 7. Nf3 {[%emt 0:00:12]} c5 {[%emt 0:01:32]} 8. O-O {[%emt 0:01:55]} e6 {[%emt 0:02:02]} 9. Nc3 {[%emt 0:00:16]} Bc6 {[%emt 0:00:08]} 10. d3 {[%emt 0:00:20]} Be7 {[%emt 0:00:59]} 11. e4 {[%emt 0:00:22]} O-O {[%emt 0:00:58]} 12. Re1 {[%emt 0:01:04]} b6 {[%emt 0:06:59]} 13. d4 {[%emt 0:02:24]} cxd4 {[%emt 0:07:20]} 14. Nxd4 {[%emt 0:00:13]} Bb7 {[%emt 0:00:46]} 15. Bf4 {[%emt 0:05:37]} Nfd7 {[%emt 0:12:39]} 16. Ndb5 {[%emt 0:01:22]} e5 {[%emt 0:00:37]} 17. Be3 {[%emt 0:00:17]} Nc6 {[%emt 0:05:25]} 18. Re2 {[%emt 0:02:30]} Nf6 {[%emt 0:10:10]} 19. Rd2 {[%emt 0:00:16]} Qb8 {[%emt 0:00:20]} 20. Nd5 {[%emt 0:01:58]} Bd8 {[%emt 0:02:09]} 21. Rc1 {[%emt 0:03:43]} a6 {[%emt 0:06:38]} 22. Nbc3 {[%emt 0:00:19]} Nxd5 {[%emt 0:10:16]} 23. Nxd5 {[%emt 0:00:17]} b5 {[%emt 0:05:13]} 24. Nb6 {[%emt 0:04:11]} Bxb6 {[%emt 0:00:16]} 25. Bxb6 {[%emt 0:00:08]} Nd4 {[%emt 0:18:43]} 26. Bc7 {[%emt 0:01:38]} Qa7 {[%emt 0:01:07]} 27. Bxe5 {[%emt 0:00:13]} Ne6 {[%emt 0:00:03]} 28. h4 {[%emt 0:05:18]} Rad8 {[%emt 0:00:59]} 29. Bh3 {[%emt 0:06:15]} Bxe4 {[%emt 0:02:17]} 30. Qe1 {[%emt 0:05:16]} Rxd2 {[%emt 0:03:28]} 31. Qxd2 {[%emt 0:00:03]} Ba8 {[%emt 0:00:10]} 32. Bxe6 {[%emt 0:10:29]} 1/2-1/2

[Event "Ceske Budejovice Open-A 2019"]
[Site "Ceske Budejovice"]
[Date "2019.07.05"]
[Round "7.3"]
[White "Ivanov, Mikhail M"]
[Black "Sergeev, Vladimir"]
[Result "1/2-1/2"]
[WhiteElo "2359"]
[BlackElo "2415"]
[Annotator "NA"]
[PlyCount "24"]
[EventDate "2019.07.02"]
[EventCountry "CZE"]
[SourceTitle "playchess.com"]
[Source "ChessBase"]
[SourceQuality "1"]
[TimeControl "5400+30"]

1. d4 {[%emt 0:01:49]} Nf6 {[%emt 0:00:49]} 2. Nf3 {[%emt 0:00:45]} g6 {[%emt 0:00:07]} 3. c4 {[%emt 0:00:16]} Bg7 {[%emt 0:00:07]} 4. g3 {[%emt 0:00:04]} c6 {[%emt 0:00:17]} 5. Nc3 {[%emt 0:00:17]} d5 {[%emt 0:00:17]} 6. cxd5 {[%emt 0:00:47]} cxd5 {[%emt 0:00:11]} 7. Bg2 {[%emt 0:02:00]} Nc6 {[%emt 0:00:05]} 8. Ne5 {[%emt 0:00:34]} O-O {[%emt 0:00:15]} 9. f4 {[%emt 0:00:36]} e6 {[%emt 0:00:19]} 10. O-O {[%emt 0:00:33]} Ne7 {[%emt 0:00:13]} 11. e3 {[%emt 0:01:42]} b6 {[%emt 0:00:39]} 12. g4 {[%emt 0:01:55]} Bb7 {[%emt 0:01:05]} 1/2-1/2

[Event "Ceske Budejovice Open-A 2019"]
[Site "Ceske Budejovice"]
[Date "2019.07.05"]
[Round "7.4"]
[White "Nejdl, Eduard"]
[Black "Voloshin, Leonid"]
[Result "0-1"]
[WhiteElo "1995"]
[BlackElo "2376"]
[Annotator "NA"]
[PlyCount "68"]
[EventDate "2019.07.02"]
[EventCountry "CZE"]
[SourceTitle "playchess.com"]
[Source "ChessBase"]
[SourceQuality "1"]
[TimeControl "5400+30"]

1. e4 {[%emt 0:00:00]} c5 {[%emt 0:01:10]} 2. Nf3 {[%emt 0:01:15]} Nc6 {[%emt 0:00:06]} 3. Bb5 {[%emt 0:00:10]} d6 {[%emt 0:00:54]} 4. h3 {[%emt 0:02:44]} Bd7 {[%emt 0:03:34]} 5. a4 {[%emt 0:03:28]} Nf6 {[%emt 0:03:04]} 6. d3 {[%emt 0:01:57]} g6 {[%emt 0:02:50]} 7. O-O {[%emt 0:01:53]} Bg7 {[%emt 0:00:10]} 8. Re1 {[%emt 0:00:33]} O-O {[%emt 0:00:11]} 9. c3 {[%emt 0:00:22]} a6 {[%emt 0:05:20]} 10. Bc4 {[%emt 0:00:10]} Rc8 {[%emt 0:08:47]} 11. Nbd2 {[%emt 0:01:17]} e5 {[%emt 0:10:35]} 12. Nf1 {[%emt 0:00:59]} Na5 {[%emt 0:10:47]} 13. Ne3 {[%emt 0:01:06]} Nxc4 {[%emt 0:02:44]} 14. Nxc4 {[%emt 0:00:24]} Bc6 {[%emt 0:03:24]} 15. a5 {[%emt 0:01:39]} h6 {[%emt 0:07:13]} 16. Bd2 {[%emt 0:02:05]} Qc7 {[%emt 0:05:30]} 17. b4 {[%emt 0:03:24]} Nd7 {[%emt 0:03:06]} 18. Qe2 {[%emt 0:07:33]} Rce8 {[%emt 0:04:54]} 19. Rac1 {[%emt 0:02:25]} Kh7 {[%emt 0:05:23]} 20. Ne3 {[%emt 0:02:45]} Qd8 {[%emt 0:05:01]} 21. Nh2 {[%emt 0:05:04]} f5 {[%emt 0:02:24]} 22. Nd5 {[%emt 0:01:38]} Bxd5 {[%emt 0:00:53]} 23. exd5 {[%emt 0:00:02]} cxb4 {[%emt 0:00:31]} 24. c4 {[%emt 0:01:02]} Qxa5 {[%emt 0:00:29]} 25. Rb1 {[%emt 0:00:04]} Qc7 {[%emt 0:01:07]} 26. Rxb4 {[%emt 0:00:22]} b6 {[%emt 0:03:00]} 27. Reb1 {[%emt 0:00:47]} Rb8 {[%emt 0:00:24]} 28. Bc3 {[%emt 0:01:05]} b5 {[%emt 0:06:01]} 29. Qa2 {[%emt 0:01:11]} Nc5 {[%emt 0:01:34]} 30. cxb5 {[%emt 0:04:31]} Rxb5 {[%emt 0:00:31]} 31. Rxb5 {[%emt 0:01:03]} axb5 {[%emt 0:00:03]} 32. Rxb5 {[%emt 0:01:36]} Nxd3 {[%emt 0:00:27]} 33. Qb3 {[%emt 0:01:14]} Nc1 {[%emt 0:02:19]} 34. Qb2 {[%emt 0:01:15]} Qxc3 {[%emt 0:00:11]} 0-1

[Event "Ceske Budejovice Open-A 2019"]
[Site "Ceske Budejovice"]
[Date "2019.07.05"]
[Round "7.6"]
[White "Marsalek, Zdenek"]
[Black "Plischki, Sebastian"]
[Result "1/2-1/2"]
[WhiteElo "2259"]
[BlackElo "2420"]
[Annotator "NA"]
[PlyCount "43"]
[EventDate "2019.07.02"]
[EventCountry "CZE"]
[SourceTitle "playchess.com"]
[Source "ChessBase"]
[SourceQuality "1"]
[TimeControl "5400+30"]

1. c4 {[%emt 0:00:00]} c5 {[%emt 0:00:12]} 2. Nc3 {[%emt 0:00:00]} Nc6 {[%emt 0:00:23]} 3. g3 {[%emt 0:00:42]} g6 {[%emt 0:00:15]} 4. Bg2 {[%emt 0:00:34]} Bg7 {[%emt 0:00:05]} 5. d3 {[%emt 0:01:21]} b6 {[%emt 0:02:15]} 6. e4 {[%emt 0:01:58]} Bb7 {[%emt 0:00:31]} 7. Nge2 {[%emt 0:00:09]} d6 {[%emt 0:03:22]} 8. Be3 {[%emt 0:00:55]} Nf6 {[%emt 0:03:27]} 9. h3 {[%emt 0:00:29]} O-O {[%emt 0:02:19]} 10. O-O {[%emt 0:02:23]} a6 {[%emt 0:03:19]} 11. a3 {[%emt 0:06:40]} Nd7 {[%emt 0:03:43]} 12. Rb1 {[%emt 0:00:37]} Nd4 {[%emt 0:01:09]} 13. b4 {[%emt 0:02:33]} Bc6 {[%emt 0:02:41]} 14. Qd2 {[%emt 0:03:48]} b5 {[%emt 0:04:24]} 15. f4 {[%emt 0:01:53]} Nxe2+ {[%emt 0:04:46]} 16. Nxe2 {[%emt 0:00:14]} bxc4 {[%emt 0:00:40]} 17. dxc4 {[%emt 0:00:19]} Qc7 {[%emt 0:04:22]} 18. Rfc1 {[%emt 0:02:05]} Rab8 {[%emt 0:02:43]} 19. Qd3 {[%emt 0:03:58]} Ba8 {[%emt 0:02:44]} 20. Nc3 {[%emt 0:02:59]} Rfc8 {[%emt 0:03:29]} 21. b5 {[%emt 0:08:17]} axb5 {[%emt 0:03:38]} 22. Nxb5 {[%emt 0:01:04]} 1/2-1/2